Countries With 10M+ Subdivisions - Statistics

General Stats
  • This quiz has been taken 260 times
  • The average score is 24 of 27
Answer Stats
# Subdivisions Country % Correct
28 Guangdong, Shandong, Henan, Jiangsu, Sichuan,Hebei, Hunan, Zhejiang, Anhui, Hubei, Guangxi, Yunnan, Jiangsi, Liaoning, Fujian, Shaanxi, Guizhou, Shanxi, Chongqing, Heilongjiang, Xinjiang Uyghur, Gansu, Shanghai, Jilin, Inner Mongolia, Beijing, Tianjin, Hainan China
99%
21 Uttar Pradesh, Bihar, Maharashtra, West Bengal,Madhya Pradesh, Rajasthan, Tamil Nadu, Karnataka, Gujarat, Andhra Pradesh, Odisha, Telangana, Jharkhand, Kerala, Assam, Punjab, Chhattisgarh, Haryana, Delhi, Jammu and Kashmir, Uttarakhand India
99%
1 Moscow Russia
99%
10 California, Texas, Florida, New York, Pennsylvania,Illinois, Ohio, Georgia, North Carolina, Michigan United States
99%
6 São Paulo, Minas Gerais, Rio de Janeiro, Bahia,Paraná, Rio Grande do Sul Brazil
98%
1 England United Kingdom
96%
1 Île-de-France France
95%
3 North Rhine-Westphalia, Bavaria, Baden-Württemberg Germany
95%
6 West Java, East Java, Central Java, North Sumatra,Banten, Jakarta Indonesia
95%
1 México Mexico
95%
4 Punjab, Sindh, Khyber Pakhtunkhwa, Balochistan Pakistan
95%
1 Tokyo Japan
94%
1 Buenos Aires Argentina
92%
2 Cairo, Giza Egypt
92%
3 Kano, Lagos, Katsina Nigeria
92%
7 Dhaka, Chittagong, Rajshahi, Rangpur, Khulna,Mymensingh, Sylhet Bangladesh
91%
1 Ontario Canada
90%
1 Istanbul Turkey
90%
1 Tehran Iran
89%
1 Gyeonggi South Korea
89%
2 Gauteng, KwaZulu-Natal South Africa
88%
1 Kinshasa D. R. Congo
85%
3 Oromia, Amhara, SWEPR Ethiopia
82%
3 Southern Tagalog Mainland, National Capital, CentralLuzon Philippines
79%
1 Lima Peru
78%
1 Luanda Angola
42%
1 Netherlands Netherlands
38%
No matching quizzes found
Score Distribution
Percent of People with Each Score
Percentile by Number Answered
Your Score History
You have not taken this quiz